000 00818nam a2200253Ia 4500
003 OSt
005 20221005111617.0
006 a|||||r|||| 00| 0
007 ta
008 221004b |||||||| |||| 00| 0 hin d
024 _a14325
037 _bGift, 07/11/2014,
_cTextual
040 _aCRL
_cCRL
_bhin
041 _2hin
_ahin
082 _aO152,1J03x, Q3
100 _aजस्सी, जसबीर
245 0 _aसंत मीराबाई जी
246 _aSanta mīrābāī jī
260 _aपंजाब
_bडेरा स्वामी भारत
_c2013
300 _a278पृ0
_ccm.
650 _aहिन्दी साहित्य
942 _hO152,1J03x, Q3
_cTEXL
_2cc
999 _c1022341
_d1022341